000 00603nam a2200181 i 4500
001 117939
003 ES-MaACL
005 20250910063116.0
007 t|
008 070214s1962 sp r ||||1| spa d
100 1 _aPeláez Redondo, Julio,
_d1915-2001
_9130961
245 1 3 _aLa enseñanza de la medicina clínica
_b: (problemas de la Universidad) /
_cJulio Peláez Redondo.
260 _aMadrid :
_bPaz Montalvo,
_c1962.
300 _a115 p. ;
_c24 cm.
650 7 _aMedicina-
_xEstudio y enseñanza-
_zEspaña
_2
_9151425
852 _aES-MaACL
_jC-24088
_bR.50188
999 _c117939
_d117939